<?xml version="1.0" encoding="UTF-8"?>
<record
    xmlns:xsi="http://www.w3.org/2001/XMLSchema-instance"
    xsi:schemaLocation="http://www.loc.gov/MARC21/slim http://www.loc.gov/standards/marcxml/schema/MARC21slim.xsd"
    xmlns="http://www.loc.gov/MARC21/slim">

  <leader>01129nam a22001577a 4500</leader>
  <datafield tag="999" ind1=" " ind2=" ">
    <subfield code="c">39349</subfield>
    <subfield code="d">39349</subfield>
  </datafield>
  <datafield tag="020" ind1=" " ind2=" ">
    <subfield code="a">9789383079087</subfield>
  </datafield>
  <datafield tag="082" ind1=" " ind2=" ">
    <subfield code="a">398.2054</subfield>
    <subfield code="b">TRA-</subfield>
  </datafield>
  <datafield tag="100" ind1=" " ind2=" ">
    <subfield code="a">Vivekananda Kendra Institute of Culture</subfield>
  </datafield>
  <datafield tag="245" ind1=" " ind2=" ">
    <subfield code="a">Traditional Systems of Teh Tangsa and the Tutsa/</subfield>
    <subfield code="c">Vivekananda Kendra Institute of Culture</subfield>
  </datafield>
  <datafield tag="260" ind1=" " ind2=" ">
    <subfield code="a">Guwahati:</subfield>
    <subfield code="b">Vivekananda Kendra Institute of Culture, </subfield>
    <subfield code="c">2005.</subfield>
  </datafield>
  <datafield tag="300" ind1=" " ind2=" ">
    <subfield code="a">200p.</subfield>
  </datafield>
  <datafield tag="520" ind1=" " ind2=" ">
    <subfield code="a">The Tangsa and the Tutsa are two of the important communities of Arunachal pradesh . They are inhabitants of Changlang - the district which borders Nagaland. Some of the important initiaves of these two communities in recent time have been the concretizing of their supreme Deity, Rangfraa and the opening of the Rangfraa Mandirs to revitaliza their indigemousfaith and culture.
This book is a compilation of the seminar on ' Traditional Systems of the Tangsa and the Tutsa Community of Aruchal Pradesh ' Subject such as judicial sysytem and customary Laws, Rituals, Traditional healing, Marriage System, divination etc. have been included in the volume.</subfield>
  </datafield>
  <datafield tag="650" ind1=" " ind2=" ">
    <subfield code="a">Ethnology</subfield>
  </datafield>
  <datafield tag="650" ind1=" " ind2=" ">
    <subfield code="a">Social systems</subfield>
  </datafield>
  <datafield tag="942" ind1=" " ind2=" ">
    <subfield code="2">ddc</subfield>
    <subfield code="c">BK</subfield>
  </datafield>
  <datafield tag="952" ind1=" " ind2=" ">
    <subfield code="0">0</subfield>
    <subfield code="1">0</subfield>
    <subfield code="4">0</subfield>
    <subfield code="7">0</subfield>
    <subfield code="a">NASSDOC</subfield>
    <subfield code="b">NASSDOC</subfield>
    <subfield code="d">2024-05-24</subfield>
    <subfield code="e">Overseas Press India PVT LMT</subfield>
    <subfield code="g">108.30</subfield>
    <subfield code="i">2024-03-20</subfield>
    <subfield code="l">0</subfield>
    <subfield code="o">398.2054 TRA-</subfield>
    <subfield code="p">54442</subfield>
    <subfield code="r">2024-05-24 00:00:00</subfield>
    <subfield code="v">150.00</subfield>
    <subfield code="w">2024-05-24</subfield>
    <subfield code="y">BK</subfield>
  </datafield>
</record>
